The Brown Quiz Stats

 Plays Quiz Updated Oct 9, 2018

Score 0/28 Timer 07:00
0 Plays Today
Hint Answer % Correct
Good grief, name that 'Peanuts' characterCharlie Brown
85.1%
A Girl Scout between the ages of 6-8, or an individually portioned chocolate cake-like dessertBrownie
83.9%
Author of 'The Da Vinci Code' and 'Angels and Demons'Dan Brown
82.8%
Ex-husband of Whitney HoustonBobby Brown
69.6%
NFL team based in OhioCleveland Browns
66.5%
1967 Van Morrison hit songBrown-Eyed Girl
62.6%
Inventor of the Delorean time machine in 'Back to the Future'Dr. Emmett Brown
55.8%
Sings the duet 'No Air' with Jordin SparksChris Brown
54%
One of Julie Andrews 'Favorite Things' (last seen tied up in string)Brown paper packages
53.5%
Jim Croce's 'baddest man in the whole damn town'Bad Bad Leroy Brown
52.5%
Supreme Court ruling declaring “separate but equal” school segregation unconstitutionalBrown vs. Board of Education
51.2%
Advertising slogan of delivery company UPSWhat Can Brown Do for You?
45.9%
Late 1980's Candice Bergen television showMurphy Brown
42.4%
The 'Unsinkable' Titanic survivorMolly Brown
40.3%
Hint Answer % Correct
Rolling Stones hit from the album 'Sticky Fingers'Brown Sugar
37%
He was 'The Hardest Working Man in Show Business'James Brown
35.4%
One time Prime Minister of the United KingdomGordon Brown
34.5%
Venomous arachnid native to the lower Southern U.S.Brown Recluse Spider
33.1%
A baked pudding of chopped or sliced apples, bread crumbs and raisinsBrown Betty
26.6%
Nickname for boxer Joe LouisThe Brown Bomber
24.4%
Donald J. Sobol's fictional boy detectiveEncyclopedia Brown
24.4%
Husband and wife poets of the Victorian AgeRobert and Elizabeth Barrett Browning
20.4%
1997 Quentin Tarantino movie based on Elmore Leonard’s “Rum Punch”Jackie Brown
20%
Singer/songwriter of 'Running on Empty'Jackson Browne
20%
The German Nazi Sturmabteilung were known as the...Brown Shirts
19.3%
Richard Felton Outcault's comic strip character and children's shoe trademarksBuster Brown
19%
Daniel Day-Lewis portrayed him in 'My Left Foot'Christy Brown
5.4%
Awarded to the 'best and fairest' player in the Australian Football LeagueBrownlow Medal
1.2%

You're not logged in!

Compare scores with friends on all Sporcle quizzes.
OR
Log In

Sporcle TV

Today on Sporcle TV


Watch our educational content, quiz creation guides, and fun videos on Sporcle TV.

Show Comments

Extras

Top Quizzes Today


Score Distribution

Your Account Isn't Verified!

In order to create a playlist on Sporcle, you need to verify the email address you used during registration. Go to your Sporcle Settings to finish the process.

Report this User

Report this user for behavior that violates our Community Guidelines.

Details: